书目信息 |
| 题名: |
上海自然博物馆工程建设与管理
|
|
| 作者: | 徐晓红 , 李岩松 , 顾建生 主编 | |
| 分册: | ||
| 出版信息: | 上海 同济大学出版社 2014.12 |
|
| 页数: | 214页 | |
| 开本: | 30cm | |
| 丛书名: | ||
| 单 册: | ||
| 中图分类: | TU242.5 | |
| 科图分类: | ||
| 主题词: | 自然历史博物馆--zi ran li shi bo wu guan--建筑工程--工程管理--上海 | |
| 电子资源: | ||
| ISBN: | 978-7-5608-5629-2 | |
| 000 | 01103nam0 2200277 450 | |
| 001 | CAL 0120141391231 | |
| 005 | 20150623154434.00 | |
| 010 | @a978-7-5608-5629-2@dCNY88.00 | |
| 100 | @a20150313d2014 em y0chiy50 ea | |
| 101 | 0 | @achi |
| 102 | @aCN@b310000 | |
| 105 | @aak a 000yy | |
| 106 | @ar | |
| 200 | 1 | @a上海自然博物馆工程建设与管理@Ashang hai zi ran bo wu guan gong cheng jian she yu guan li@f顾建生, 徐晓红, 李岩松主编 |
| 210 | @a上海@c同济大学出版社@d2014.12 | |
| 215 | @a214页@c图@d30cm | |
| 320 | @a有书目 | |
| 330 | @a本书全面反映上海自然博物馆新馆在规划设计、建设管理、工程施工及生态节能等方面的最新研究成果, 总结了新馆的工程建设全过程。主要包括: 可持续发展, 建设先行 —— 上海自然博物馆新馆建设的设计理念与特色、上海自然博物馆新馆建设教育功能的思考等。 | |
| 586 | @a | |
| 606 | 0 | @a自然历史博物馆@Azi ran li shi bo wu guan@x建筑工程@x工程管理@y上海 |
| 690 | @aTU242.5@v5 | |
| 701 | 0 | @a徐晓红@Axu xiao hong@4主编 |
| 701 | 0 | @a李岩松@Ali yan song@4主编 |
| 701 | 0 | @a顾建生@Agu jian sheng@4主编 |
| 801 | 0 | @aCN@c20150820 |
| 905 | @a河南城建学院图书馆@dTU242.5@eG490@f3 | |
| 上海自然博物馆工程建设与管理/顾建生, 徐晓红, 李岩松主编.-上海:同济大学出版社,2014.12 |
| 214页:图;30cm |
| ISBN 978-7-5608-5629-2:CNY88.00 |
| 本书全面反映上海自然博物馆新馆在规划设计、建设管理、工程施工及生态节能等方面的最新研究成果, 总结了新馆的工程建设全过程。主要包括: 可持续发展, 建设先行 —— 上海自然博物馆新馆建设的设计理念与特色、上海自然博物馆新馆建设教育功能的思考等。 |
| ● |
| 相关链接 |
|
|
|
正题名:上海自然博物馆工程建设与管理
索取号:TU242.5/G490
 
预约/预借
| 序号 | 登录号 | 条形码 | 馆藏地/架位号 | 状态 | 备注 |
| 1 | 1160822 | 211608223 | 建筑库101/101建筑库 67排5列3层/ [索取号:TU242.5/G490] | 在馆 | |
| 2 | 1160823 | 211608232 | 建筑库101/101建筑库 67排5列3层/ [索取号:TU242.5/G490] | 在馆 | |
| 3 | 1160824 | 211608241 | 建筑库101/101建筑库 67排5列3层/ [索取号:TU242.5/G490] | 在馆 |